000 00562nam a2200205Ia 4500
008 140110s9999 xx 000 0 und d
020 _a9788175414785
_cRs.495.00
040 _aLoreto College
041 _aEnglish
082 _a155.4/AGG
_bLCLIB/48793
100 _aAggarwal,J.C.
245 _aChild development and process of learning
_cJ.C.Aggarwal
250 _a5th rep.ed.
260 _aDelhi
_bShipra Publications
_c2009
300 _axiv,225p
_c18cm
650 _aChild psychology
651 _aChild development
850 _aLCLIB
942 _cBK
999 _c37515
_d87994